000 00576nam a2200193 a 4500
001 001138478
003 AM-YeHGA
005 20250617152142.0
008 160331s1953 ||| r 000 0 rus d
040 _aAM-YeHGA
041 0 _arus
100 1 _aРадченко, Иван
245 1 0 _aСтихи /
_cИван Радченко; Ред. А. Котляр.
260 _aОдесса :
_bОдесское обл. изд-во,
_c1953.
300 _a64 с.
653 0 _aРусская литература
700 1 _aКотляр, А.
_eред.
_4edt
090 _c367165
999 _c365303
_d365303